| 000 | 00769nam a2200265 a 4500 | ||
|---|---|---|---|
| 003 | AR-BaBNM | ||
| 005 | 20251128204904.0 | ||
| 008 | 082120s2002 ||||||||||||||000 | spa|| | ||
| 020 | _a950-525-134-3 | ||
| 040 | _cAR-BaBNM | ||
| 100 | 1 | _aRamasco, María Alicia | |
| 245 | 0 | 0 |
_aPerfomance _ba functional - grammar approach : 2do año Ciclo Básico Escuelas de Nivel Medio _n2 |
| 250 | _a1ª ed. | ||
| 260 |
_aBuenos Aires _bStella _c1992 |
||
| 300 |
_a219 p. _bil., tablas |
||
| 500 | _aContiene referencias bibliográficas | ||
| 650 | 4 | _aENSEÑANZA DE SEGUNDA LENGUA | |
| 650 | 4 | _aENSEÑANZA DE IDIOMAS | |
| 650 | 4 | _aINGLES | |
| 650 | 4 | _aLIBROS DE TEXTO | |
| 653 | _aEDUCACION SECUNDARIA | ||
| 700 | 1 | _aCancela, Cristina | |
| 942 | _cBK | ||
| 998 | _cCarmen | ||
| 999 |
_c9214 _d9214 |
||